Vlčí ostrov /

Hlavní autor: Sadoveanu, Mihail, 1880-1961
Jazyk: Slovenština
Vydáno: Bratislava : Slovenský spisovateľ, 1983
Vydání: 1. vyd.
Edice: Vavrín
Fyzický popis: 553 s.
Knihy
Uloženo v:
LEADER 00933nam a2200253 a 4500
001 000466843
003 CZ BrMZK
005 20101108125944.0
007 ta
008 010907s1983 xo f slo d
040 |a BOA001  |b cze 
041 1 |a slo  |h rum 
080 9 |a 859.0-32(081)=854  |2 MRF 
100 1 |a Sadoveanu, Mihail,  |d 1880-1961  |7 jn19990007293  |4 aut 
245 1 0 |a Vlčí ostrov /  |c Mihail Sadoveanu ; z rumunských originálov preložila Libuša Vajdová, Jundra Hušková a Peter Kopecký ; doslov a chronológiu napísala Libuša Vajdová 
250 |a 1. vyd. 
260 |a Bratislava :  |b Slovenský spisovateľ,  |c 1983 
300 |a 553 s. 
490 1 |a Vavrín 
765 0 |t Hanu-Ancuţei, Zodia Cancerului sau Vremea Ducăi-Voda, Ostrovul lupilor  |9 Slovensky 
830 0 |a Vavrín 
910 |a BOA001  |b 2-0873.786 
990 |a BK 
996 7 |b 2619707156  |c 2-0873.786  |l MZK  |r Sklad / do 1 hodiny  |n 2  |w 000466843  |u 000010  |a 1  |e BOA001  |j MZK50  |s A